| 000 | 00341nam a22001457a 4500 | ||
|---|---|---|---|
| 020 | _a978-9987-9539-6-7 | ||
| 082 | _a657 | ||
| 100 | _aTulli, Mwamini | ||
| 245 | _aFinancial Accounting | ||
| 260 |
_aDar es Salaam: _bNBAA, _c2013 |
||
| 300 | _ax, 219p.: ill.; 27 cm. | ||
| 500 | _aInclude Index | ||
| 700 | _aLyanga, John M. | ||
| 942 | _cBK | ||
| 999 |
_c22096 _d22096 |
||